Sueños, septiembre 2003 (Record no. 1708)

MARC details
000 -LEADER
campo de control de longitud fija 00411nam a22001217a 4500
008 - DATOS DE LONGITUD FIJA--INFORMACIÓN GENERAL
campo de control de longitud fija 190206b xxu||||| |||| 00| 0 eng d
082 ## - NÚMERO DE LA CLASIFICACIÓN DECIMAL DEWEY
Número de clasificación 708
Número de ítem R744s
100 ## - ENTRADA PRINCIPAL--NOMBRE DE PERSONA
Nombre de persona Roldán, Luis
9 (RLIN) 6554
245 ## - MENCIÓN DEL TÍTULO
Título Sueños, septiembre 2003
260 ## - PUBLICACIÓN, DISTRIBUCIÓN, ETC.
Lugar de publicación, distribución, etc. Colombia
Nombre del editor, distribuidor, etc. Galería Diners
Fecha de publicación, distribución, etc. 2003
300 ## - DESCRIPCIÓN FÍSICA
Extensión 23 p.
Otras características físicas ill.
Dimensiones 12,5 cm
650 ## - PUNTO DE ACCESO ADICIONAL DE MATERIA--TÉRMINO DE MATERIA
Fuente del encabezamiento o término Arte contemporáneo
Subdivisión de forma Arte - exhibiciones
-- Arte - collage
-- Arte - pintura
Subdivisión geográfica Artistas - Colombia
9 (RLIN) 6866
Holdings
Estatus retirado Estado de pérdida Fuente del sistema de clasificación o colocación Estado de daño No para préstamo Biblioteca de origen Biblioteca actual Ubicación en estantería Fecha de adquisición Total de préstamos Signatura topográfica completa Código de barras Visto por última vez Precio de reemplazo Tipo de ítem Koha
    Clasificación Decimal Dewey     Biblioteca LadoV Biblioteca LadoV   06/02/2019   708 R744s 002386 06/02/2019 06/02/2019 Material 01